Softvérové nástroje Business Intelligence pre manažérov
Analýza a porovnanie softvérových produktov Business Intelligence vhodné pre správu a rozhodovanie manažérov a ich výhody a nevýhody. Veľa nástrojov je postavených na MS Excel alebo s nimi aktívne spolupracujú. Business Intelligence je vhodnejšie pre veľké spoločnosti, ktoré tvoria rozšírenie svojho...
Enregistré dans:
| Auteur principal: | |
|---|---|
| Autres auteurs: | , |
| Format: | Chapitre de livre |
| Langue: | slovaque |
| Sujets: | |
| Tags: |
Pas de tags, Soyez le premier à ajouter un tag!
|
MARC
| LEADER | 00000naa a2200000 4500 | ||
|---|---|---|---|
| 001 | 0272359 | ||
| 005 | 20210304104456.5 | ||
| 041 | 0 | |a slo | |
| 044 | |a SK | ||
| 245 | 1 | 0 | |a Softvérové nástroje Business Intelligence pre manažérov |c Jaroslava Kádárová, Katarína Teplická, Michaela Kočišová |
| 520 | |a Analýza a porovnanie softvérových produktov Business Intelligence vhodné pre správu a rozhodovanie manažérov a ich výhody a nevýhody. Veľa nástrojov je postavených na MS Excel alebo s nimi aktívne spolupracujú. Business Intelligence je vhodnejšie pre veľké spoločnosti, ktoré tvoria rozšírenie svojho existujúceho účtovného informačného systému. | ||
| 610 | 2 | 0 | |a produkty softvérové |
| 610 | 2 | 0 | |a softvér |
| 610 | 2 | 0 | |a business intelligence |
| 610 | 2 | 0 | |a manažéri |
| 100 | 1 | |a Kádárová, Jaroslava | |
| 700 | 1 | |a Teplická, Katarína | |
| 700 | 1 | |a Kočišová, Michaela | |